00512 2200169 4500245008300000020002200083250001100105100001500116700002100131650002200152650001000174005001900184260009900203041001400302084000800316300001800324 aKe Parimo b : Kisah Perjalanan di Kabupaten Parigi MoutongcEko TrionohText a978-602-437-912-4 aCet. 1 aEko Triono aEndah Nurfatimah aSastra Indonesiaa aEbook a20241104081332 aJakartabBadan Pengembangan Bahasa dan Perbukuan, Kementerian Pendidikan dan Kebudayaan,c2019 aIndonesia a813 aix :c86 hlm.